00819nam a2200253 a 450000100060000000300080000600500170001400800410003102000160007203500190008804000260010704100080013308200250014110000250016624500300019125000160022126001030023730000340034050500150037465000210038994200120041099900170042295201260043974520BD-RjUL20211209082550.0181011r19751933n a|||| |||| 00| 0 eng d a0521060303  a(BD-RjUL)74738 aBD-RjULbengcBD-RjUL aeng 223a531.11bRAD 19751 aRamsey, A.S.922366710aDynamics /bA. S. Ramsey aE.L.B.S ed. aLondon :bThe English Language book Society and Cambridge University Press ,c1961 [Reprint 1975] aXii , 259 p. :bill. ;c22 cm aPt. 1. --  aDynamics9223668 2ddccBK c74520d74520 00102ddc40718NFICaRUCLbRUCLcReadingd2018-10-30l0o531.11 RAD 1962 pt.1r2018-10-30 00:00:00tC-1w2021-12-09yBK